00590nam a2200157 i 4500001000300000245015300003260004500156650001500201650002700216650002400243040000800267041000800275080001000283008004100293856009800334bg 0aProceedings of the Sixth International Conference on Soil Mechanics and Foundation Engineering, Montreal, 8-15 September, 1965.Vol.2, Divisions 3-6. aToronto :bUniversity of Toronto,c1965. 9aFundamenty 9aGeologia inżynierska 9aMechanika gruntów cBPK apol a624.1 s pl f |000 0 pol  uhttp://koha.tu.koszalin.pl/cgi-bin/koha/opac-detail.pl?biblionumber=27944yKatalog online BPK